"Az apámat lehetetlen felülmúlni"

Elmentve itt :
Bibliográfiai részletek
Szerzők: Pick Tamás
Fekete Klára
Dokumentumtípus: Cikk
Megjelent: 1998-05-05
Sorozat:Délmagyarország 88 No. 104
Kulcsszavak:Pick család, Szeged, Élelmiszeripar szalámigyártás Szeged
Online Access:http://dmarchiv.bibl.u-szeged.hu/84354
LEADER 00533nab a2200169 i 4500
001 delm84354
005 20191021132754.0
008 191021s1998 hu o 0|| hun d
040 |a SZTE Délmagyarország Archívum  |b hun 
041 |a hun 
100 1 |a Pick Tamás 
245 1 0 |a "Az apámat lehetetlen felülmúlni"  |h [elektronikus dokumentum] /  |c  Pick Tamás 
260 |c 1998-05-05 
300 |a 5 
490 0 |a Délmagyarország  |v 88 No. 104 
695 |a Pick család, Szeged, Élelmiszeripar szalámigyártás Szeged 
700 0 1 |a Fekete Klára  |e aut